000 00816nam a2200241 i 4500
001 118908
003 ES-MaACL
005 20230906191213.0
007 t|
008 070214s1902 sp r ||||1| spa d
080 _a621.31
100 1 _aPiazzoli, Emilio.
_991759
245 1 0 _aInstalaciones de alumbrado eléctrico /
_cpor Emilio Piazzoli ; traducido de la cuarta edición italiana por Leopoldo Salto.
260 _aMadrid :
_bRomo y Füssel,
_c1902 (
_fImp. del Asilo de Huérfanos del S.C.)
300 _aXIX, 829 p. ;
_c17 x 11 cm.
490 1 _aManuales Romo y Füssel
650 _aInstalaciones eléctricas.
_913826
650 4 _aLuminotecnia.
_914715
700 1 _aSalto, Leopoldo.
_9102041
830 1 _aManuales Romo y Füssel
_9186428
852 4 _aES-MaACL
_jG-15342
999 _c118908
_d118908